000
00325nam a22001457a 4500
008
230123b ||||| |||| 00| 0 eng d
020
_a
9781597563475
041
_a
eng
080
_a
61
082
_a
61TAY
100
_a
2
101
_a
MJEKS
245
_a
FITTING AND DISPENSING HEARING AIDS
_c
TAYLOR B
942
_2
udc
_c
BK
999
_c
59248
_d
59248